Sonho de uma vida 3 - Amores possíveis (Record no. 194590)

MARC details
000 -LÍDER
campo de controle de tamanho fixo 00418 a2200169 4500
001 - NÚMERO DE CONTROLE
campo de controle 194590
020 ## - ISBN - INTERNATIONAL STANDARD BOOK NUMBER
ISBN - International Standard Book Number 978-85-286-1428-2
040 ## - FONTE DA CATALOGAÇÃO
Instituição que transcreveu o registro Magnum
100 ## - ENTRADA PRINCIPAL--NOME PESSOAL
Nome pessoal Goudge, Eileen
240 10 - TÍTULO UNIFORME
Título uniforme Sonho de uma vida 3 - Amores possíveis
Idioma da obra por
245 10 - TÍTULO
Título Sonho de uma vida 3 - Amores possíveis
300 ## - DESCRIÇÃO FÍSICA
Extensão 448
362 0# - DATAS DE PUBLICAÇÃO E/OU DESIGNAÇÃO SEQUENCIAL
Datas de publicação e/ou designação sequencial 2010
440 #1 - DECLARAÇÃO DE SÉRIE/ENTRADA ADICIONADA--TÍTULO
Título Bertrand Brasil
697 ## - ENTRADA DE ASSUNTO LOCAL--ENTIDADE COLETIVA (RLIN)
Nome corporativo ou nome da jurisdição LITERATURA GERAL ESTRANGEIRA
942 ## - ELEMENTOS DE ENTRADA ADICIONADOS (KOHA)
Tipo de material Koha Livros
Holdings
Situação do descarte Situação das perdas Situação física Não pode ser emprestado Biblioteca de origem Biblioteca atual Data de aquisição Total de empréstimos Número de chamada completo Código de barras Data de último acesso Data do preço efetivo Tipo de material Koha
        Magnum Magnum 08/06/2024   890.2.520 MAG00073922 08/06/2024 08/06/2024 Livros